000 01116nam a2200301 4500
001 0000016539
003 CO-CtgCURN
005 20250506203458.0
008 160627s1951 000 0 eng d
020 _a9681608801
040 _aCO-CtgCURN
_bspa
_ccoctgcurn
082 0 _a111.1
_bB663e
100 1 _aBobbio, Norberto.
245 1 3 _aEl existencialismo ensayo de interpretacion /
_cNorberto Bobbio , version espaƱola de Lore Terracini.
260 _aMexico :
_bFondo de Cultura Economica,
_c1951.
300 _a95 p.
336 _2rdacontent
337 _2rdamedia
_asin mediacion
_bn
338 _2rdacarrier
_avolumen
_bnc
490 1 _aBreviarios del Fondo de Cultura Economica ;
_v20
500 _aTitulo original: An Introdution to Aesthetics.
505 8 _aExistencialismo.--Filosofia de la crisis y crisis de la filosofia.--Banidad y excepcion.--Existencialismo y sociedad
650 0 _aExistencialismo.
700 1 _aTerracini, Lore,
_eTraductor.
908 _a160627
942 _cBK
_h111.1
_iB663e
_2ddc
_01
999 _c48085
_d48085
_x1